000 00591cam a2200193 a 4500
001 16164112
005 20250619120714.0
008 100330s2010 mnua b 000 0 eng
020 _a9781451400854 (alk. paper)
050 0 0 _aBR515
_b.P34 2010
082 0 0 _a277.3/083
_222
100 1 _aPagitt, Doug,
_d1966-
245 1 0 _aChurch in the inventive age /
_cDoug Pagitt.
260 _aMinneapolis :
_bSparkhouse Press,
_cc2010.
300 _avii, 114 p. :
_bill. ;
_c22 cm.
650 0 _aChristianity
_zUnited States.
650 0 _aChristianity and culture
_zUnited States.
942 _2lcc
_cBK
_n0
999 _c6588
_d6588